000 00660nam a2200217Ia 4500
005 20241129110944.0
008 241129s9999||||xx |||||||||||||| ||und||
020 _a978-0-19-012450-2
037 _aTB
040 _aCRL
_beng
_cCRL
041 _aeng
_2eng
084 _aV49G.N R1
_qCRL
100 _aSehgal Manu Au.
_9722947
245 0 _aCreating an early colonial order: conquest and contestation in south asia c. 1775-1807
_cSehgal Manu Au.
260 _aNew Delhi, India
_bUniversity Press
_c2021
300 _alviii,270p.
365 _aINR
_b1495
650 _a South Asian History
942 _cTB
_hV49G.N R1
999 _c1228270
_d1228270